Statistics for Top 100 All-Time Wrestlers

Click here to take the quiz!

General Stats

  • This quiz has been taken 28 times
  • The average score is 39 of 104

Answer Stats

#Answer% Correct
4Hulk Hogan
100%
1Ric Flair
95%
14Bret Hart
91%
21John Cena
91%
92Booker T
86%
75Owen Hart
86%
42Randy Orton
86%
5Shawn Michaels
86%
13Undertaker
86%
85Big Show
77%
31Brock Lesnar
77%
58Chris Benoit
77%
26Triple H
77%
6Andre the Giant
73%
3Bruno Sammartino
73%
8Chris Jericho
73%
50Eddie Guerrero
73%
46Edge
73%
27The Rock
73%
19Kurt Angle
68%
15Randy Savage
68%
24A.J. Styles
64%
68C.M. Punk
64%
36Daniel Bryan
64%
80Jeff Hardy
64%
52Mick Foley
64%
10Steve Austin
64%
96Jimmy Snuka
59%
25Rey Mysterio
59%
20Ricky Steamboat
59%
33Roddy Piper
59%
22Dusty Rhodes
55%
34Sting
55%
23Buddy Rogers
50%
94Rob Van Dam
50%
41Superstar Billy Graham
50%
74Dynamite Kid
45%
83Lex Luger
45%
73Scott Hall
45%
64Terry Funk
45%
66Vader
45%
59Arn Anderson
41%
37Bob Backlund
41%
56Dory Funk, Jr.
41%
35Great Muta
41%
93Jeff Jarrett
41%
72Pedro Morales
41%
67Jake Roberts
36%
HMRick Rude
36%
29Antonio Inoki
32%
84Davey Boy Smith
32%
79Ivan Koloff
32%
2Lou Thesz
32%
82Road Warrior Hawk
32%
90Tully Blanchard
32%
39Fabulous Moolah
27%
17Harley Race
27%
51Jerry the King Lawler
27%
97Johnny Valentine
27%
86Ultimo Dragon
27%
89Bam Bam Bigelow
23%
61Chyna
23%
32Curt Hennig
23%
47Bruiser Brody
18%
71Bryan Pillman
18%
69Christopher Daniels
18%
55Gorgeous George
18%
43Jushin Thunder Liger
18%
65Kazuchika Okada
18%
88Killer Kowalski
18%
76Ron Simmons
18%
81The Sheik
18%
98Barry Windham
14%
HMKenny Omega
14%
18Kenta Kobashi
14%
HMMichael P.S. Hayes
14%
38Mil Mascaras
14%
16Mitsuharu Misawa
14%
9Verne Gagne
14%
100Antonina Rocca
9%
48Ed Strangler Lewis
9%
7El Santo
9%
63Fred Blassie
9%
40Hiroshi Tanahashi
9%
60Nick Bockwinkel
9%
30Toshiaki Kawada
9%
53Carlos Colon
5%
12Frank Gotch
5%
62Gene Kiniski
5%
57Jack Brisco
5%
70Jumbo Tsuruta
5%
HMKevin Nash
5%
54Manami Toyota
5%
77Ray Stevens
5%
11Rikidozan
5%
78Shohei Giant Baba
5%
49Tatsumi Fujinami
5%
45Tiger Mask
5%
95Danny Hodge
0%
44Farmer Burns
0%
99Genichiru Tenryu
0%
28Jim Londos
0%
91Mildred Burke
0%
87Riki Choshu
0%

Score Distribution

Percentile by Number Answered

Percent of People with Each Score

Your Score History

You have not taken this quiz